| 000 | 00897nam a22002417a 4500 | ||
|---|---|---|---|
| 005 | 2008102006326.0 | ||
| 008 | 081020t xxu||||| |||| 00| 0 eng d | ||
| 010 | _aENG-84021 | ||
| 020 | _a8178297163 | ||
| 020 | _c295.00 (pbk) | ||
| 035 | _aEN-67554 | ||
| 082 | _a338.5091724 | ||
| 100 | _aPelle, Stefano | ||
| 245 |
_aUnderstanding emerging markets: _bbuilding business BRIC by Brick / _cby Stefano Pelle |
||
| 260 |
_aNew Delhi _bResponse Books |
||
| 260 | _c2007 | ||
| 300 |
_a246p _c21cm |
||
| 500 | _aIncludes bibliographical references and index | ||
| 650 | _aDeveloping countries-economic conditions | ||
| 650 | _aDeveloping countries-economic policy | ||
| 942 |
_2ddc _cEN _h338.5091724 _mPEL |
||
| 999 |
_c16988 _d16988 |
||